Statistiques concernant Les villes des provinces belges -> La Flandre Orientale- Map Quiz

Cliquez ici pour prendre le quiz!

Statistiques générales

  • Ce quiz a été pris 6 fois
  • Le résultat moyen est 5 sur 13

Réponses sur la Carte

Les réponses sont colorées sur une échelle allant du rouge au vert en fonction du pourcentage des utilisateurs qui les ont devinées à leur premier essai. Vous pouvez retrouver ces pourcentages ci-dessous.
 

Statistiques - réponses

Réponse% Correct
Gand
100%
Saint-Nicolas
100%
Alost
67%
Zottegem
67%
Aalter
33%
Evergem
33%
Grammont
33%
Nazareth
33%
Ninove
33%
Termonde
33%
Eeklo
0%
Maldegem
0%
Renaix
0%

Distribution des résultats

Percentile par nombre de réponses

% des personnes avec chaque résultat

Votre développement - résultats

Vous n’avez pas pris ce quiz